00638nam a22001935i 450000100060000000300090000600500170001500700030003200800410003510000310007624501260010725000120023326000720024530000280031765000260034565000360037165000150040785200220042248473ES-MaACL20230906161746.0t|950720s1867 sp ||||1| spa d1 aDelago y David, Joaquín.10aLecciones de retórica y poética : bdispuestas para los estudios de 2ª enseñanza / cpor Joaquín Delago y David. a2ª ed. aJaén : b[s.n], c1867 (fImp. de los sres. Rubio y Compañía) aVIII, 218 p. ; c20 cm. 4aPreceptiva literaria. 4aLengua española-xRetórica.00aPoética. aES-MaACLjG-12292